000 00214nam a2200097Ia 4500
008 190216s9999||||xx |||||||||||||| ||und||
100 _aNull
245 0 _aHindi-Jab Mannetha Karah Udi
260 _bNull
942 _cBK
999 _c17584
_d17584